000
00341 a2200157 4500
001
178900
020
_a
040
_c
Magnum
100
_a
Ladeira, Julieta de Godoy
240
1
0
_a
Recife dos holandeses
_l
por
245
1
0
_a
Recife dos holandeses
362
0
_a
1899
440
1
_a
Ática
697
_a
MAGNITO: PARADIDATICO
942
_c
BK
999
_c
178900
_d
178900